[Event "LSS No Engine Cup 62 Preliminary 1"]
[Site "LSS email"]
[Date "2012.03.20"]
[Round "?"]
[White "Simik, Frantisek"]
[Black "Piacentile, Carmine"]
[Result "0-1"]
[WhiteElo "728"]
[BlackElo "1478"]
[PlyCount "42"]
[EventDate "2012.03.21"]
[EventType "tourn (corr)"]
[EventRounds "6"]
[EventCountry "GER"]
[SourceTitle "Telechess CBM 153"]
[Source "ChessBase"]
[SourceDate "2013.03.14"]
[SourceVersion "1"]
[SourceVersionDate "2013.03.14"]
[SourceQuality "1"]

1. e4 e6 2. d4 d5 3. e5 c5 4. Bb5+ Bd7 5. Bxd7+ Nxd7 6. c3 Ne7 7. Ne2 Rc8 8. Be3 Nf5 9. 0-0 Qb6 10. b3 cxd4 11. cxd4 Qa6 12. Nec3 Bb4 13. Ne2 Nxe3 14. fxe3 0-0 15. a3 f6 16. exf6 Nxf6 17. Nd2 Bc3 18. Ra2 Qd3 19. Rf3 Ng4 20. Nf4 Rxf4 21. exf4 Bxd4+ 0-1

[Event "OP-2012-0-02100"]
[Site "LSS email"]
[Date "2012.03.10"]
[Round "?"]
[White "Simik, Frantisek"]
[Black "Bienkowski, Alejandro"]
[Result "0-1"]
[WhiteElo "728"]
[BlackElo "1807"]
[PlyCount "34"]
[EventDate "2012.03.07"]
[EventType "tourn (corr)"]
[EventRounds "4"]
[EventCountry "GER"]
[SourceTitle "Corr 2015"]
[Source "ChessBase"]
[SourceDate "2015.07.17"]
[SourceVersion "1"]
[SourceVersionDate "2015.07.17"]
[SourceQuality "1"]

1. e4 c5 2. Nf3 Nc6 3. d4 cxd4 4. Nxd4 g6 5. Nc3 Bg7 6. Be3 Nf6 7. Nxc6 bxc6 8. e5 Ng8 9. f4 Nh6 10. h3 Rb8 11. b3 Qa5 12. Bd2 d6 13. Ne4 Qb6 14. Bc3 Bf5 15. Qe2 Bxe4 16. Qxe4 Nf5 17. Rd1 Ng3 0-1

[Event "OP-2012-0-02080"]
[Site "LSS email"]
[Date "2012.03.02"]
[Round "?"]
[White "Simik, Frantisek"]
[Black "Minte, Dieter"]
[Result "0-1"]
[WhiteElo "728"]
[BlackElo "2358"]
[PlyCount "49"]
[EventDate "2012.02.21"]
[EventType "tourn (corr)"]
[EventRounds "4"]
[EventCountry "GER"]
[SourceTitle "Telechess CBM 153"]
[Source "ChessBase"]
[SourceDate "2013.03.14"]
[SourceVersion "1"]
[SourceVersionDate "2013.03.14"]
[SourceQuality "1"]

1. e4 e5 2. Nf3 Nc6 3. Bb5 a6 4. Ba4 Nf6 5. 0-0 d6 6. Re1 b5 7. Bb3 Be7 8. c3 0-0 9. d4 Bg4 10. d5 Na5 11. Bc2 c6 12. Bg5 cxd5 13. Bxf6 Bxf6 14. exd5 Nc4 15. b3 Nb6 16. h3 Bxf3 17. Qxf3 g6 18. Nd2 Bg7 19. Rad1 f5 20. c4 Rc8 21. Qe2 Nxd5 22. cxd5 Rxc2 23. a4 e4 24. axb5 Bc3 25. bxa6 0-1

[Event "OP-2012-0-02080"]
[Site "LSS email"]
[Date "2012.02.24"]
[Round "?"]
[White "Edwards, KEDG"]
[Black "Simik, Frantisek"]
[Result "1-0"]
[WhiteElo "1956"]
[BlackElo "728"]
[PlyCount "35"]
[EventDate "2012.02.21"]
[EventType "tourn (corr)"]
[EventRounds "4"]
[EventCountry "GER"]
[SourceTitle "Telechess CBM 155"]
[Source "ChessBase"]
[SourceDate "2013.07.16"]
[SourceVersion "1"]
[SourceVersionDate "2013.07.16"]
[SourceQuality "1"]

1. e4 c5 2. Nf3 Nc6 3. d4 cxd4 4. Nxd4 Nf6 5. Nc3 e5 6. Ndb5 d6 7. Bg5 a6 8. Na3 Be7 9. Bxf6 Bxf6 10. Nc4 Nd4 11. Nd5 b5 12. Ncb6 Rb8 13. Nxc8 Rxc8 14. c3 Nc6 15. a4 bxa4 16. Bxa6 Rb8 17. Qxa4 Qd7 18. Bb5 1-0

[Event "OP-2012-0-02080"]
[Site "LSS email"]
[Date "2012.02.24"]
[Round "?"]
[White "Vontina, Maria"]
[Black "Simik, Frantisek"]
[Result "1-0"]
[WhiteElo "725"]
[BlackElo "728"]
[PlyCount "148"]
[EventDate "2012.02.21"]
[EventType "tourn (corr)"]
[EventRounds "4"]
[EventCountry "GER"]
[SourceTitle "Telechess CBM 155"]
[Source "ChessBase"]
[SourceDate "2013.07.16"]
[SourceVersion "1"]
[SourceVersionDate "2013.07.16"]
[SourceQuality "1"]

1. e4 c5 2. Nf3 Nc6 3. d4 cxd4 4. Nxd4 Nf6 5. Nc3 e5 6. Ndb5 d6 7. Bg5 a6 8. Na3 b5 9. Nd5 Be6 10. Bxf6 gxf6 11. c3 f5 12. exf5 Bxf5 13. Be2 Ne7 14. 0-0 Nxd5 15. Qxd5 Be7 16. Rac1 0-0 17. Nc2 Bg5 18. Ne3 Be6 19. Qf3 Qf6 20. Qxf6 Bxf6 21. h3 d5 22. Ng4 Bg7 23. Rfe1 e4 24. Ne3 f5 25. Red1 Rfd8 26. Nc2 Rac8 27. Nd4 Bxd4 28. Rxd4 Kf7 29. a3 Kf6 30. Bd1 Ke5 31. Be2 Rc5 32. Rcd1 f4 33. Bf1 Rg8 34. Kh2 a5 35. a4 bxa4 36. Rxa4 Bd7 37. Raa1 Rb8 38. Rab1 Ba4 39. Rdc1 Bb3 40. Kg1 a4 41. Be2 Rf8 42. Kf1 f3 43. gxf3 exf3 44. Bd1 Bc4+ 45. Ke1 Bd3 46. Bc2 Bxc2 47. Rxc2 Rc4 48. Kd2 Re4 49. Re1 Rg8 50. Rxe4+ Kxe4 51. Rc1 Rg2 52. Re1+ Kf4 53. Rf1 Rh2 54. Kd3 Ke5 55. c4 dxc4+ 56. Kxc4 Rxh3 57. Kb4 Rh4+ 58. Ka3 h5 59. b3 axb3 60. Kxb3 Re4 61. Kc3 h4 62. Rh1 Kf5 63. Kd3 Ra4 64. Rh3 Ra3+ 65. Kd4 Kg4 66. Rh2 Ra2 67. Ke3 Re2+ 68. Kd3 h3 69. Kc3 Re1 70. Kd3 Rg1 71. Ke3 Rg2 72. Rh1 h2 73. Kd2 Rxf2+ 74. Ke1 Kg3 1-0

[Event "LSS No Engine Cup 60 Preliminary 3"]
[Site "LSS email"]
[Date "2012.02.19"]
[Round "?"]
[White "Simik, Frantisek"]
[Black "Fernandez, German"]
[Result "0-1"]
[WhiteElo "728"]
[BlackElo "1119"]
[PlyCount "116"]
[EventDate "2012.02.20"]
[EventType "tourn (corr)"]
[EventRounds "6"]
[EventCountry "GER"]
[SourceTitle "Telechess CBM 153"]
[Source "ChessBase"]
[SourceDate "2013.03.14"]
[SourceVersion "1"]
[SourceVersionDate "2013.03.14"]
[SourceQuality "1"]

1. e4 d5 2. exd5 Qxd5 3. Nc3 Qa5 4. Nf3 Nf6 5. Be2 Bf5 6. d3 e6 7. Bd2 Qb6 8. Na4 Qd6 9. 0-0 Be7 10. a3 0-0 11. Bb4 Qd7 12. Nc5 Bxc5 13. Bxc5 b6 14. Bxf8 Kxf8 15. Nh4 Bg6 16. Bf3 c6 17. Nxg6+ hxg6 18. Qd2 Na6 19. Qc3 Rc8 20. Rad1 c5 21. Qc4 Nc7 22. Qh4 Kg8 23. Rfe1 Nb5 24. c3 Nd6 25. g4 Qd8 26. h3 Nh7 27. Qxd8+ Rxd8 28. Kg2 Ng5 29. Be2 f6 30. f4 Ngf7 31. Bf3 g5 32. Rxe6 gxf4 33. Bd5 Kf8 34. h4 Ne5 35. Kh3 c4 36. dxc4 Ndxc4 37. Rd4 Ne3 38. Ba2 Rxd4 39. cxd4 N5xg4 40. d5 Nf2+ 41. Kh2 Nfg4+ 42. Kg1 f3 43. Rxe3 Nxe3 44. Bb3 Nf5 45. h5 Ng3 46. Kf2 Nxh5 47. Kxf3 g6 48. d6 Ng7 49. Ke4 Ke8 50. Kd5 Kd8 51. Kc6 f5 52. Bf7 g5 53. Kb7 Kd7 54. Kxa7 g4 55. Kxb6 f4 56. a4 f3 57. Bc4 g3 58. Bd5 g2 0-1

[Event "LSS No Engine Cup 60 Preliminary 3"]
[Site "LSS email"]
[Date "2012.02.19"]
[Round "?"]
[White "Simik, Frantisek"]
[Black "Murphy, Jones"]
[Result "0-1"]
[WhiteElo "728"]
[BlackElo "1327"]
[PlyCount "31"]
[EventDate "2012.02.20"]
[EventType "tourn (corr)"]
[EventRounds "6"]
[EventCountry "GER"]
[SourceTitle "Corr 2015"]
[Source "ChessBase"]
[SourceDate "2015.07.17"]
[SourceVersion "1"]
[SourceVersionDate "2015.07.17"]
[SourceQuality "1"]

1. e4 d5 2. exd5 Nf6 3. c4 c6 4. dxc6 Nxc6 5. Nc3 e5 6. d3 Bc5 7. Be3 Bxe3 8. fxe3 0-0 9. Nf3 Bg4 10. h3 Bh5 11. g4 Bg6 12. e4 Nd4 13. Nxe5 Nxe4 14. dxe4 Qh4+ 15. Kd2 Qg5+ 16. Ke1 0-1

[Event "OP-2012-0-02067"]
[Site "LSS email"]
[Date "2012.02.16"]
[Round "?"]
[White "Huseby, Juan Carlos"]
[Black "Simik, Frantisek"]
[Result "0-1"]
[WhiteElo "628"]
[BlackElo "728"]
[PlyCount "92"]
[EventDate "2012.02.12"]
[EventType "tourn (corr)"]
[EventRounds "4"]
[EventCountry "GER"]
[SourceTitle "Telechess CBM 155"]
[Source "ChessBase"]
[SourceDate "2013.07.16"]
[SourceVersion "1"]
[SourceVersionDate "2013.07.16"]
[SourceQuality "1"]

1. f4 d5 2. Nf3 Nc6 3. d4 h6 4. Be3 Nf6 5. Nc3 e6 6. Bf2 Ng4 7. Bg3 Ne3 8. Qc1 Nxf1 9. Kxf1 a6 10. Bf2 Bd6 11. e3 b5 12. a4 b4 13. Ne2 a5 14. b3 Ba6 15. g4 Ne7 16. h4 c6 17. Qd2 c5 18. c3 c4 19. Kg2 cxb3 20. Rab1 Bc4 21. Rb2 Qd7 22. Ra1 bxc3 23. Nxc3 Bb4 24. h5 Rc8 25. Ne5 Qc7 26. f5 exf5 27. Be1 fxg4 28. Qf2 f6 29. Nxg4 Kf7 30. Ne5+ Ke8 31. Ng4 Qd6 32. Nb5 Bxb5 33. Bxb4 Qxb4 34. axb5 a4 35. Nxf6+ gxf6 36. Qxf6 Rg8+ 37. Kh1 a3 38. Rf2 b2 39. Qf7+ Kd7 40. Rxb2 Qxb2 41. Qf1 Rc2 42. Qh3+ Kd8 43. Rf1 Rc1 44. b6 Rxf1+ 45. Qxf1 a2 46. b7 Qxb7 0-1

[Event "OP-2012-0-02067"]
[Site "LSS email"]
[Date "2012.02.16"]
[Round "?"]
[White "Lauer, Fredric"]
[Black "Simik, Frantisek"]
[Result "1/2-1/2"]
[WhiteElo "1044"]
[BlackElo "728"]
[PlyCount "115"]
[EventDate "2012.02.12"]
[EventType "tourn (corr)"]
[EventRounds "4"]
[EventCountry "GER"]
[SourceTitle "Telechess CBM 155"]
[Source "ChessBase"]
[SourceDate "2013.07.16"]
[SourceVersion "1"]
[SourceVersionDate "2013.07.16"]
[SourceQuality "1"]

1. e4 c5 2. Nf3 Nc6 3. d4 cxd4 4. c3 dxc3 5. Nxc3 d6 6. Bc4 Bd7 7. 0-0 Nf6 8. Qb3 e6 9. Bg5 Na5 10. Bxf6 Nxb3 11. Bxd8 Nxa1 12. Bh4 Nc2 13. Rd1 Nb4 14. Bg3 d5 15. exd5 exd5 16. Re1+ Be6 17. Bxd5 Nxd5 18. Nxd5 Rc8 19. Nc7+ Ke7 20. Bh4+ Kd6 21. Nxe6 fxe6 22. Ng5 Kd5 23. Rd1+ Kc6 24. Nf7 Rg8 25. Nd8+ Kb6 26. Nxe6 Bb4 27. a3 Bd2 28. Bg5 Bxg5 29. Nxg5 Rgd8 30. Rb1 h6 31. Ne6 Rd7 32. Nf4 Rd2 33. b4 Ra2 34. Nd5+ Kb5 35. h3 Rxa3 36. Kh2 Rc2 37. Kg1 Raa2 38. Re1 Rxf2 39. Nc3+ Kxb4 40. Nxa2+ Rxa2 41. Rb1+ Kc5 42. Rxb7 g5 43. Rh7 Ra6 44. Kf2 Kd5 45. Rd7+ Ke6 46. Rh7 Kf5 47. g4+ Kg6 48. Rc7 Rf6+ 49. Kg3 a6 50. Ra7 Rc6 51. Kg2 Kf6 52. Kg3 Ke5 53. Ra8 Kd5 54. h4 Rc3+ 55. Kg2 Rc6 56. hxg5 hxg5 57. Rg8 Ke4 58. Rxg5 1/2-1/2

[Event "SF-2012-0-00135"]
[Site "LSS email"]
[Date "2012.02.13"]
[Round "?"]
[White "Puleston, Tim O"]
[Black "Simik, Frantisek"]
[Result "1-0"]
[WhiteElo "1223"]
[BlackElo "728"]
[PlyCount "31"]
[EventDate "2012.01.19"]
[EventType "tourn (corr)"]
[EventRounds "6"]
[EventCountry "GER"]
[SourceTitle "Corr 2015"]
[Source "ChessBase"]
[SourceDate "2015.07.17"]
[SourceVersion "1"]
[SourceVersionDate "2015.07.17"]
[SourceQuality "1"]

1. e4 c5 2. Nc3 Nc6 3. f4 d6 4. Nf3 Bd7 5. Bc4 e6 6. 0-0 a6 7. a4 Nf6 8. d3 Be7 9. f5 exf5 10. exf5 Bxf5 11. Bxf7+ Kxf7 12. Ng5+ Kg6 13. Rxf5 Kxf5 14. d4 Nxd4 15. Qd3+ Ne4 16. Qxe4+ 1-0

[Event "BI-2011-F-00022"]
[Site "LSS email"]
[Date "2012.02.12"]
[Round "?"]
[White "Lauer, Fredric"]
[Black "Simik, Frantisek"]
[Result "1-0"]
[WhiteElo "1106"]
[BlackElo "728"]
[PlyCount "31"]
[EventDate "2012.02.15"]
[EventType "tourn (corr)"]
[EventRounds "10"]
[EventCountry "GER"]
[SourceTitle "Corr 2015"]
[Source "ChessBase"]
[SourceDate "2015.07.17"]
[SourceVersion "1"]
[SourceVersionDate "2015.07.17"]
[SourceQuality "1"]

1. e4 c5 2. c3 Nc6 3. d4 cxd4 4. cxd4 e6 5. d5 exd5 6. exd5 Qa5+ 7. Nc3 Nb8 8. Qe2+ Kd8 9. Bd2 Bb4 10. Qg4 Ne7 11. Qxg7 Re8 12. 0-0-0 Bxc3 13. Bxc3 Qxa2 14. d6 Nbc6 15. Nf3 Qe6 16. Ng5 1-0

[Event "OP-2012-0-02053"]
[Site "LSS email"]
[Date "2012.02.07"]
[Round "?"]
[White "Simik, Frantisek"]
[Black "Verich, Oleg"]
[Result "0-1"]
[WhiteElo "729"]
[BlackElo "1046"]
[PlyCount "116"]
[EventDate "2012.02.04"]
[EventType "tourn (corr)"]
[EventRounds "4"]
[EventCountry "GER"]
[SourceTitle "Telechess CBM 165"]
[Source "ChessBase"]
[SourceDate "2015.03.11"]
[SourceVersion "1"]
[SourceVersionDate "2015.03.11"]
[SourceQuality "1"]

1. e4 d6 2. d4 Nf6 3. Nc3 e5 4. d5 Nbd7 5. Bb5 Be7 6. Nf3 0-0 7. h3 Nc5 8. Bd3 Nxd3+ 9. cxd3 Ne8 10. Be3 f5 11. Qc2 f4 12. Bd2 c6 13. dxc6 bxc6 14. Na4 Bd7 15. Qc4+ Kh8 16. Nc3 Bf6 17. Qb4 Qb6 18. Qxb6 axb6 19. 0-0 Nc7 20. Kh2 Ne6 21. Rac1 g5 22. a3 Nc5 23. Ne1 Ne6 24. Nf3 h5 25. Ng1 g4 26. Nce2 Rfc8 27. Bc3 Rf8 28. f3 Ng5 29. h4 gxf3 30. gxf3 Nf7 31. Nh3 Kh7 32. Ng5+ Nxg5 33. hxg5 Bxg5 34. Rg1 Bh4 35. Rg2 Rg8 36. Rcg1 Rxg2+ 37. Rxg2 Rg8 38. d4 Bf6 39. dxe5 Rxg2+ 40. Kxg2 dxe5 41. Nxf4 exf4 42. Bxf6 c5 43. Bg5 b5 44. Bxf4 c4 45. Kf2 Kg6 46. Kg3 Be6 47. Be3 Bd7 48. Kf4 h4 49. Bf2 Kh5 50. e5 Be6 51. Ke4 Kg5 52. f4+ Kg4 53. Be3 h3 54. Bg1 Bf5+ 55. Kd5 Kg3 56. e6 Kg2 57. e7 Bd7 58. Kd6 Be8 0-1

[Event "LSS No Engine Cup 58 Preliminary 7"]
[Site "LSS email"]
[Date "2012.01.25"]
[Round "?"]
[White "Guaimare Rodriguez, Carlos Luis"]
[Black "Simik, Frantisek"]
[Result "0-1"]
[WhiteElo "1141"]
[BlackElo "728"]
[PlyCount "46"]
[EventDate "2012.01.26"]
[EventType "tourn (corr)"]
[EventRounds "6"]
[EventCountry "GER"]
[SourceTitle "Telechess CBM 153"]
[Source "ChessBase"]
[SourceDate "2013.03.14"]
[SourceVersion "1"]
[SourceVersionDate "2013.03.14"]
[SourceQuality "1"]

1. d4 d5 2. c4 e6 3. Nc3 Nf6 4. cxd5 exd5 5. Bg5 Be7 6. e3 0-0 7. Bd3 Nbd7 8. Qc2 b6 9. Nf3 Bb7 10. 0-0 h6 11. Bh4 c5 12. dxc5 bxc5 13. Rfd1 g5 14. Bg3 c4 15. Bf5 Nc5 16. e4 Nd3 17. exd5 Nxd5 18. Bxd3 cxd3 19. Rxd3 Nb4 20. Rxd8 Nxc2 21. Rxa8 Rxa8 22. Rd1 Bf6 23. Be5 Bxf3 0-1

[Event "LSS No Engine Cup 58 Preliminary 7"]
[Site "LSS email"]
[Date "2012.01.25"]
[Round "?"]
[White "Simik, Frantisek"]
[Black "Hoeber, Michael"]
[Result "1-0"]
[WhiteElo "728"]
[BlackElo "947"]
[PlyCount "49"]
[EventDate "2012.01.26"]
[EventType "tourn (corr)"]
[EventRounds "6"]
[EventCountry "GER"]
[SourceTitle "Telechess CBM 153"]
[Source "ChessBase"]
[SourceDate "2013.03.14"]
[SourceVersion "1"]
[SourceVersionDate "2013.03.14"]
[SourceQuality "1"]

1. e4 d5 2. exd5 Nf6 3. c4 c6 4. dxc6 Nxc6 5. Nc3 e5 6. Be2 Bc5 7. d3 Qb6 8. Na4 Bxf2+ 9. Kf1 Qd4 10. Nf3 Qd7 11. Kxf2 Qf5 12. Kg1 0-0 13. Nc3 Rd8 14. Qb3 b6 15. Bd2 e4 16. dxe4 Nxe4 17. Nxe4 Qxe4 18. Re1 Rxd2 19. Nxd2 Qe7 20. h3 Nd4 21. Qd3 Nc6 22. Kh2 Nb4 23. Qf3 Rb8 24. Qg3 Rb7 25. Bf3 1-0

[Event "LSS No Engine Cup 57 Preliminary 6"]
[Site "LSS email"]
[Date "2012.01.15"]
[Round "?"]
[White "Yangibayev, Rustam"]
[Black "Simik, Frantisek"]
[Result "0-1"]
[WhiteElo "823"]
[BlackElo "728"]
[PlyCount "86"]
[EventDate "2012.01.16"]
[EventType "tourn (corr)"]
[EventRounds "6"]
[EventCountry "GER"]
[SourceTitle "Corr 2015"]
[Source "ChessBase"]
[SourceDate "2015.07.17"]
[SourceVersion "1"]
[SourceVersionDate "2015.07.17"]
[SourceQuality "1"]

1. d4 d5 2. Nf3 Nc6 3. Bf4 Bf5 4. a3 e6 5. e3 Bd6 6. Bxd6 cxd6 7. c4 dxc4 8. Bxc4 d5 9. Ba2 Nf6 10. 0-0 0-0 11. Nc3 a6 12. Rc1 Rc8 13. Ne2 Qb6 14. b4 Rfd8 15. h3 h6 16. Nh4 Bh7 17. Nf4 Ne4 18. Nh5 g6 19. Ng3 g5 20. Nf3 Nxg3 21. fxg3 f6 22. g4 Na7 23. Qe2 Nb5 24. Qb2 Qd6 25. Nh2 Rxc1 26. Qxc1 Be4 27. Rxf6 Qg3 28. Qd2 Rd6 29. Rf2 Rc6 30. a4 Na3 31. Bb3 Nb1 32. Qe1 Rc3 33. Bd1 Rxe3 34. Qf1 Qd6 35. Rb2 Nc3 36. Bf3 Nxa4 37. Qf2 Rc3 38. Re2 Rc1+ 39. Nf1 Nc3 40. Rb2 Qf4 41. Bxe4 dxe4 42. Rc2 Qxf2+ 43. Rxf2 e3 0-1

[Event "SF-2011-0-00128"]
[Site "LSS email"]
[Date "2012.01.12"]
[Round "?"]
[White "Simik, Frantisek"]
[Black "Mori, Roberto"]
[Result "1-0"]
[WhiteElo "728"]
[BlackElo "721"]
[PlyCount "39"]
[EventDate "2011.12.18"]
[EventType "tourn (corr)"]
[EventRounds "6"]
[EventCountry "GER"]
[SourceTitle "Telechess CBM 157"]
[Source "ChessBase"]
[SourceDate "2013.11.12"]
[SourceVersion "1"]
[SourceVersionDate "2013.11.12"]
[SourceQuality "1"]

1. e4 e5 2. f4 exf4 3. Nf3 Bd6 4. Bc4 Bc5 5. d4 Bb6 6. c3 c5 7. Bxf4 cxd4 8. cxd4 Ne7 9. 0-0 0-0 10. Nc3 h6 11. Kh1 Ng6 12. Bg3 Nc6 13. Nd5 Qe8 14. Bd6 Nce7 15. Nxb6 axb6 16. Qb3 Qd8 17. e5 Kh7 18. Bxf7 Nh8 19. Qc2+ g6 20. Bc7 1-0

[Event "LSS No Engine Cup 56 Preliminary 5"]
[Site "LSS email"]
[Date "2011.12.31"]
[Round "?"]
[White "Shim Ng Min, Francis"]
[Black "Simik, Frantisek"]
[Result "0-1"]
[WhiteElo "1091"]
[BlackElo "728"]
[PlyCount "52"]
[EventDate "2012.01.01"]
[EventType "tourn (corr)"]
[EventRounds "6"]
[EventCountry "GER"]
[SourceTitle "Telechess CBM 155"]
[Source "ChessBase"]
[SourceDate "2013.07.16"]
[SourceVersion "1"]
[SourceVersionDate "2013.07.16"]
[SourceQuality "1"]

1. e4 c5 2. Nf3 Nc6 3. d4 cxd4 4. Nxd4 Nf6 5. Nc3 e5 6. Ndb5 d6 7. Bg5 a6 8. Na3 Be7 9. Bxf6 Bxf6 10. Nd5 0-0 11. Nc4 b5 12. Nce3 Bg5 13. h4 Bxe3 14. Nxe3 Ne7 15. Qd2 Qc7 16. 0-0-0 Be6 17. Qxd6 Qxd6 18. Rxd6 Ng6 19. Nd5 Rfd8 20. Rxd8+ Rxd8 21. Nb4 a5 22. h5 axb4 23. hxg6 hxg6 24. Bxb5 Ra8 25. b3 Rxa2 26. Ba4 Ra1+ 0-1